Schriften zur Philosophie, Aesthetik und Apologetik: mit Einleitungen, Anmerkungen und einer biographisch-historischen Charakteristik Mendelssohn's

Vol. 1. Metaphsik und Ethik sowie zur Religionsphilosophie: vol. 2. Psychologie u. Aesthetik sowie zur Apologetik des Judenthums.

Saved in:  
Bibliographic Details
Main Author: Mendelssohn, Moses 1729-1786 (Author)
Corporate Author: University of Toronto. MitwirkendeR (Contributor)
Format: Electronic Book
Language:German
Check availability: HBZ Gateway
Interlibrary Loan:Interlibrary Loan for the Fachinformationsdienste (Specialized Information Services in Germany)
Published: Leipzig Voss 1880
In:Year: 1880
Further subjects:B Religion Philosophy
B Lavater, Johann Caspar (1741-1801)
B Judaism
B Bonnet, Charles
B Aesthetics
B Philosophy, German 18th century
B Philosophy
Online Access: Volltext (kostenfrei)
Sammlungen:

MARC

LEADER 00000cam a22000002c 4500
001 1894147529
003 DE-627
005 20241216055114.0
007 cr uuu---uuuuu
008 240704s1880 xx |||||o 00| ||ger c
035 |a (DE-627)1894147529 
035 |a (DE-599)KXP1894147529 
035 |a (PRTC)schriftenzurphil02menduoft 
040 |a DE-627  |b ger  |c DE-627  |e rda 
041 |a ger 
050 0 |a B 2690.A3 
084 |a 1  |2 ssgn 
100 1 |a Mendelssohn, Moses  |d 1729-1786  |e VerfasserIn  |4 aut 
109 |a Moše Dessau 1729-1786  |a Mosheh mi-Desoiʾ 1729-1786  |a Mosheh mi-Desa 1729-1786  |a Mose Ben-Menahem 1729-1786  |a Mose mid-Dessau 1729-1786  |a Moše Ben-Menah.̣ēm 1729-1786  |a Moše mi-Desoi' 1729-1786  |a Rambama"n 1729-1786  |a Mōše mi-Dessau 1729-1786  |a Moše Ben-Menaḥēm 1729-1786  |a Moše Bar-Menaḥem 1729-1786  |a Moše 1729-1786  |a Mendelzohn, Mozes 1729-1786  |a Ben-Menahem, Moses 1729-1786  |a Mendelsohn, Moses 1729-1786  |a Mendelszôn, Moše 1729-1786  |a Mendelszohn, Mosheh ben Menahem 1729-1786  |a Mendelssohn, Mose Ben-Menahem 1729-1786  |a Mendelssohn, Moses 1729-1786  |a Mendelssohn, Moses von 1729-1786  |a Mendels-Sohn, Mosès 1729-1786  |a Mendelssohn, Mojzís 1729-1786  |a Mendelszoon, Mozes 1729-1786  |a Mendelssohn, Moše Ben-Menaḥēm 1729-1786  |a Menaḥēm, Mōše Ben- 1729-1786  |a Mendelson, Moše 1729-1786  |a Ben-Menachem, Moses 1729-1786  |a Fils de Mendel, Moise 1729-1786  |a Mendel, Moise Fils de 1729-1786  |a Mendelsohn, Moisi 1729-1786  |a Mosheh ben Menaḥem 1729-1786  |a Mendelson, Mojżes 1729-1786  |a Moshe ben Menahem mi-Desoya 1729-1786  |a Mendel Sohn 1729-1786  |a Ben-Menaḥem, Moše 1729-1786  |a Mendel, Moyse de 1729-1786  |a Mendelssohn, Moïse 1729-1786  |a Mosheh ben Menahem 1729-1786  |a Mendelssohn, Moisés 1729-1786  |a Mendelszon, Mosheh 1729-1786  |a Desa, Mosheh 1729-1786  |a Mendelssohn 1729-1786  |a Moses aus Dessau 1729-1786  |a Moses Mendelssohn 1729-1786  |a Mendelszon, Moše 1729-1786  |a MʿNDʿLSZʾHN, Mošē 1729-1786  |a Mendelssohn, Mojżesz 1729-1786  |a Mendelssohn, Moisè 1729-1786  |a Moše Bar-Menaḥēm 1729-1786  |a Mendelii Filii, Mosis 1729-1786  |a Mendel'son, Moisei 1729-1786  |a Mendelszoon, Moses 1729-1786  |a Mendelson, Moses 1729-1786  |a Mendelson, Mosheh 1729-1786  |a Dessau, Moše 1729-1786  |a Moses 1729-1786  |a Mendelsshon, Moses 1729-1786  |a Mendelssohn, M. 1729-1786  |a Mendelssohn, Mosè 1729-1786  |a Remad 1729-1786  |a Moses ben Menahem 1729-1786  |a Mèndelssohn, Mosè 1729-1786  |a Rambaman 1729-1786  |a Mendelssohn, Mosis 1729-1786  |a Mendelssohn, Mojžíš 1729-1786  |a Moïse fils de Mendel 1729-1786  |a Moyse, Moses 1729-1786  |a Rambeman 1729-1786  |a MŠH BN MNḤM MʿNDL 1729-1786  |a Dessau, Moses 1729-1786  |a Desoi, Moše 1729-1786 
245 1 0 |a Schriften zur Philosophie, Aesthetik und Apologetik  |b mit Einleitungen, Anmerkungen und einer biographisch-historischen Charakteristik Mendelssohn's  |c hrsg. von Moritz Brasch 
264 1 |a Leipzig  |b Voss  |c 1880 
300 |a 1 Online-Ressource (2 v.) 
336 |a Text  |b txt  |2 rdacontent 
337 |a Computermedien  |b c  |2 rdamedia 
338 |a Online-Ressource  |b cr  |2 rdacarrier 
520 |a Vol. 1. Metaphsik und Ethik sowie zur Religionsphilosophie: vol. 2. Psychologie u. Aesthetik sowie zur Apologetik des Judenthums. 
600 1 0 |a Bonnet, Charles 
600 1 0 |a Lavater, Johann Caspar  |d 1741-1801 
601 |a Schrift 
601 |a Philosophie 
601 |a Apologetik 
601 |a Einleitung 
650 0 |a Aesthetics 
650 0 |a Judaism 
650 0 |a Philosophy, German  |y 18th century 
650 0 |a Religion  |x Philosophy 
655 0 |a Philosophy 
710 2 |a University of Toronto  |e MitwirkendeR  |4 ctb 
856 4 0 |u https://commons.ptsem.edu/id/schriftenzurphil02menduoft  |m X:PRTC  |x Digitalisierung  |z kostenfrei  |7 0 
935 |a PRTC  |a mteo 
951 |a BO 
ELC |a 1 
LOK |0 000 xxxxxcx a22 zn 4500 
LOK |0 001 4547026521 
LOK |0 003 DE-627 
LOK |0 004 1894147529 
LOK |0 005 20240704180447 
LOK |0 008 240704||||||||||||||||ger||||||| 
LOK |0 035   |a (DE-Tue135)schriftenzurphil02menduoft 
LOK |0 040   |a DE-Tue135  |c DE-627  |d DE-Tue135 
LOK |0 092   |o n 
LOK |0 689   |a f  |a Book 
LOK |0 852   |a DE-Tue135 
LOK |0 852 1  |9 00 
LOK |0 866   |x SPQUE#Theological Commons Princeton 
LOK |0 935   |a PRTC 
LOK |0 939   |a 04-07-24  |b l01 
OAS |a 1 
ORI |a SA-MARC-ixtheoa001.raw 
STA 0 0 |a Religion,Religion in literature,Religions,Religion 
STB 0 0 |a Religion,Religions,Religion 
STC 0 0 |a Religión,Religión,Religión 
STD 0 0 |a Religione,Religione,Religione 
STE 0 0 |a 宗教,宗教 
STF 0 0 |a 宗教,宗教 
STG 0 0 |a Religião,Religião 
STH 0 0 |a Религия,Религия (мотив) 
STI 0 0 |a Θρησκεία,Θρησκεία (μοτίβο) 
SYA 0 0 |a Bonnet, Carl,Bonnet, Karl , Lavater, Johann Casper,1741-1801,Lavater, Johann C.,1741-1801,Lavater, Johannes Caspar,1741-1801,Lavater, Joh. Caspar,1741-1801,Lavater, J. C.,1741-1801,Lavater, Johann Kaspar,1741-1801,Lavater, Johann Kasper,1741-1801,Lavater, Johann K.,1741-1801,Lavater, Johannes Kaspar,1741-1801,Lavater, J. K.,1741-1801,Lavater, Caspar,1741-1801,Lavater, Gaspar,1741-1801,Lavater, Gaspard,1741-1801,Lavater, Hans Caspar,1741-1801,Lavater, Hans C.,1741-1801,Lavater, Hans Kaspar,1741-1801,Lafater, Iogann Kaspar,1741-1801,Lavater, Iohann K.,1741-1801,Lavater, Jean Caspar,1741-1801,Lavater, Jean-Gaspard,1741-1801,Lavater, Jean Gaspard,1741-1801,Lavater, Jean G.,1741-1801,Lavater, John Caspar,1741-1801,Lavater, John C.,1741-1801,Lavater, Kaspar,1741-1801,Lavater,1741-1801,Lavaterus, Ioannes Casparus,1741-1801,Lavaterus, Joannes Casparus,1741-1801,Lavaterus,1741-1801,Lavater-Schinz, Johann Caspar,1741-1801,Lafater, Gaspard,1741-1801,Lafater, Iogan K.,1741-1801,Lafater,1741-1801,Lavaterus, I. C.,1741-1801,Lavaterus, Johannes Casparus,1741-1801,Lavaterus, Johannes C.,1741-1801,Lawater, Johann Caspar,1741-1801,Nathalion,a Sacra Rupe,1741-1801,Nathalion,a Sacra Rvpe,1741-1801,Natalion,a Sacra Rupe,1741-1801,Schinz, Johann Caspar Lavater-,1741-1801,Asahel, Jonathan,1741-1801,Einsiedler vom Berg,1741-1801 
SYE 0 0 |a Religion,Mystik,Mythologie